Normal view
MARC view
- ادارة الاعمال-الشركات الصغيرة
Entry Topical Term
001 - CONTROL NUMBER
- control field: 28388
003 - CONTROL NUMBER IDENTIFIER
- control field: JO-AjAnu
005 - DATE AND TIME OF LATEST TRANSACTION
- control field: 20230606074818.0
008 - FIXED-LENGTH DATA ELEMENTS
- fixed length control field: 230606|| aca||aabn | a|a d
040 ## - CATALOGING SOURCE
- Original cataloging agency: JO-AjAnu
- Transcribing agency: JO-AjAnu
150 ## - HEADING--TOPICAL TERM
- Topical term or geographic name entry element: ادارة الاعمال-الشركات الصغيرة
670 ## - SOURCE DATA FOUND
- Source citation: Work cat.: (JO-AjAnu)14573: برنوطي،سعاد نايف, author 28387, ادارة الاعمال الصغيرة:ابعاد للريادة=SMALL BUSINESS MANAGEMENT:IMPLICATIONS FOR ENTREPRENEURSHIP